Szczegóły MARC21

Funkcjonowanie i ocena programu "Moje boisko Orlik 2012" (na terenie województwa małopolskiego) /

003 -Nazwa inst., której nr kontr. jest w polu 001 [,]
    • @
    • Nazwa instytucji, której n kontrolny jest w polu 001
    • NUKAT
005 -DATA I CZAS OSTATNIEJ MODYFIKACJI [,]
    • @
    • pole kontrolne
    • 20260401120635.0
020 -Międzynarod. znormalizowany nr książki - ISBN [ , ]
    • a
    • Numer ISBN
    • 9788360837788 Find
040 -Instytucja sporządzająca opis [ , ]
    • a
    • Instytucja, która sporządziła opis (NP)
    • KR U/BU
    • b
    • Język katalogowania
    • pol
    • e
    • Zasady katalogowania
    • rda
    • c
    • Instytucja, która sporządziła rekord (NP)
    • KR U/BUs
942 -Rodzaj dokumentu [ , ]
    • c
    • Rodzaj dokumentu
    • Książka
100 -Hasło główne - nazwa osobowa [1, ]
    • a
    • Nazwa osobowa (NP)
    • Berbeka, Jadwiga.
    • e
    • Rodzaj współpracy
    • Autor
    • e
    • Rodzaj współpracy
    • Redakcja
    • 9
    • KHW
    • 14507
245 -Strefa tytułu i oznaczenia odpowiedzialności [1,0]
    • a
    • Tytuł
    • Funkcjonowanie i ocena programu "Moje boisko Orlik 2012" (na terenie województwa małopolskiego) / Find
    • c
    • Pozostałe elementy strefy tytułu i oznaczenia odpowiedzialności (NP)
    • red. Jadwiga Berbeka, ; zespół autorski Jadwiga Berbeka, Zbigniew Borek, Krzysztof Borodako, Karol Görner, Krzysztof Lipecki, Agata Niemczyk, Michał Rudnicki, Józef Sala, Renata Seweryn, Dominik Ziarkowski.
260 -Strefa adresu wydawniczego [ , ]
    • a
    • Miejsce wydania (P)
    • Kraków :
    • b
    • Nazwa wydawcy (P)
    • [Usługi Komputerowe i Poligraficzne, Gębka, Jan, Gębka, Dariusz],
    • c
    • Data wydania (P)
    • 2014.
300 -Strefa opisu fizycznego [ , ]
    • a
    • Określenie formy książki i/lub objętość (NP)
    • 230 stron :
    • b
    • Oznaczenie ilustracji (NP)
    • ilustracje ;
    • c
    • Format (NP)
    • 24 cm.
336 -Typ zawartości [ , ]
    • a
    • Termin opisujący typ zawartości
    • Tekst
    • b
    • Kod określający zawartość
    • txt
    • 2
    • Źródło (terminu i kodu)
    • rdacontent
337 -Typ mediów [ , ]
    • a
    • Tryb odtwarzania
    • Bez urządzenia pośredniczącego
    • b
    • Kod typu mediów
    • n
    • 2
    • Źródło (terminu i kodu)
    • rdamedia
338 -Typ/rodzaj nośnika [ , ]
    • a
    • Hasło opisujące typ nośnika
    • Wolumin
    • b
    • Kod typu nośnika
    • nc
    • 2
    • Źródło (terminu i kodu)
    • rdacarrier
380 -Deskryptor - Forma dzieła (P) [ , ]
    • a
    • forma dzieła (NP)
    • Książki
380 -Deskryptor - Forma dzieła (P) [ , ]
    • a
    • forma dzieła (NP)
    • Publikacje naukowe
388 -Deskryptor - czas powstania dzieła (P) [1, ]
    • a
    • Czas powstania dzieła (NP)
    • 2001-
504 -Uwaga dot. bibliogr. załącznikowej [ , ]
    • a
    • Uwaga dot. bibliografii załącznikowej
    • Bibliografia na stronach 209-218.
510 -Uwaga dot. cytaty bibliograficznej [3, ]
    • a
    • Nazwa źródła
    • Wydawca według bazy ISBN.
610 -Hasło przedmiotowe w formie nazwy ciała zbiorowego [2,7]
    • a
    • Nazwa ciała zbiorowego lub nazwa geograficzna
    • Program "Moje Boisko Orlik 2012".
    • 2
    • Źródło terminu
    • kaba
    • 9
    • KHW
    • 603795
648 -Hasło przedmiotowe - chronologia [ ,7]
    • a
    • Deskryptor chronologiczny
    • 2001-
    • 2
    • Źródło terminu
    • DBN
    • 9
    • KHW
    • 721449
650 -Hasło przedmiotowe [ ,7]
    • a
    • Hasło przedmiotowe
    • Aktywność fizyczna
    • 2
    • Źródło terminu
    • DBN
    • 9
    • KHW
    • 723517
650 -Hasło przedmiotowe [ ,7]
    • a
    • Hasło przedmiotowe
    • Dzieci
    • 2
    • Źródło terminu
    • DBN
    • 9
    • KHW
    • 722377
650 -Hasło przedmiotowe [ ,7]
    • a
    • Hasło przedmiotowe
    • Młodzież
    • 2
    • Źródło terminu
    • DBN
    • 9
    • KHW
    • 725745
650 -Hasło przedmiotowe [ ,7]
    • a
    • Hasło przedmiotowe
    • Obiekty i urządzenia sportowe
    • 2
    • Źródło terminu
    • DBN
650 -Hasło przedmiotowe [ ,7]
    • a
    • Hasło przedmiotowe
    • Piłka nożna
    • 2
    • Źródło terminu
    • DBN
    • 9
    • KHW
    • 724512
650 -Hasło przedmiotowe [ ,7]
    • a
    • Hasło przedmiotowe
    • Obiekty sportowe
    • z
    • Określnik geograficzny
    • Polska
    • z
    • Określnik geograficzny
    • Małopolskie, Województwo (1999- ).
    • 2
    • Źródło terminu
    • kaba
    • 9
    • KHW
    • 603794
650 -Hasło przedmiotowe [ ,7]
    • a
    • Hasło przedmiotowe
    • Moje Boisko – ORLIK 2012 (program rządowy)
    • 2
    • Źródło terminu
    • DBN
651 -Hasło przedmiotowe w formie nazwy geograficznej [ ,7]
    • a
    • Nazwa geograficzna
    • Województwo małopolskie (1999- )
    • 2
    • Źródło terminu
    • DBN
    • 9
    • KHW
    • 734229
655 -Hasło w funkcji tematu formalnego [ ,7]
    • a
    • Hasło
    • Raport z badań
    • 2
    • Źródło terminu
    • DBN
    • 9
    • KHW
    • 722387
658 -Ujęcie treści [ , ]
    • a
    • dziedzina nauki i sztuki/ sfera aktywności życiowej
    • Kultura fizyczna i sport
658 -Ujęcie treści [ , ]
    • a
    • dziedzina nauki i sztuki/ sfera aktywności życiowej
    • Zarządzanie i marketing
700 -Hasło dodatkowe - nazwa osobowa [1, ]
    • a
    • Nazwa osobowa (NP)
    • Seweryn, Renata Find
    • c
    • Dopowiedzenie inne niż daty biograficzne (NP)
    • (ekonomia).
    • e
    • Określenie rodzaju współpracy
    • Autor
    • 9
    • KHW
    • 67105
700 -Hasło dodatkowe - nazwa osobowa [1, ]
    • a
    • Nazwa osobowa (NP)
    • Sala, Józef. Find
    • e
    • Określenie rodzaju współpracy
    • Autor
    • 9
    • KHW
    • 27715
700 -Hasło dodatkowe - nazwa osobowa [1, ]
    • a
    • Nazwa osobowa (NP)
    • Borek, Zbigniew. Find
    • e
    • Określenie rodzaju współpracy
    • Autor
    • 9
    • KHW
    • 8237
700 -Hasło dodatkowe - nazwa osobowa [1, ]
    • a
    • Nazwa osobowa (NP)
    • Borodako, Krzysztof. Find
    • e
    • Określenie rodzaju współpracy
    • Autor
    • 9
    • KHW
    • 15163
700 -Hasło dodatkowe - nazwa osobowa [1, ]
    • a
    • Nazwa osobowa (NP)
    • Görner, Karol. Find
    • e
    • Określenie rodzaju współpracy
    • Autor
    • 9
    • KHW
    • 491041
700 -Hasło dodatkowe - nazwa osobowa [1, ]
    • a
    • Nazwa osobowa (NP)
    • Lipecki, Krzysztof. Find
    • e
    • Określenie rodzaju współpracy
    • Autor
    • 9
    • KHW
    • 421247
700 -Hasło dodatkowe - nazwa osobowa [1, ]
    • a
    • Nazwa osobowa (NP)
    • Niemczyk, Agata. Find
    • e
    • Określenie rodzaju współpracy
    • Autor
    • 9
    • KHW
    • 41180
700 -Hasło dodatkowe - nazwa osobowa [1, ]
    • a
    • Nazwa osobowa (NP)
    • Rudnicki, Michał Find
    • c
    • Dopowiedzenie inne niż daty biograficzne (NP)
    • (ekonomia).
    • e
    • Określenie rodzaju współpracy
    • Autor
    • 9
    • KHW
    • 421246
700 -Hasło dodatkowe - nazwa osobowa [1, ]
    • a
    • Nazwa osobowa (NP)
    • Ziarkowski, Dominik. Find
    • e
    • Określenie rodzaju współpracy
    • Autor
    • 9
    • KHW
    • 452875
710 -Hasło dodatkowe - nazwa ciała zbiorowego [2, ]
    • a
    • Nazwa ciała zbiorowego lub nazwa geograficzna jako pierwszy element (NP)
    • Usługi Komputerowe i Poligraficzne Jan Gębka, Dariusz Gębka.
    • e
    • Rodzaj współpracy
    • Wydawca
    • 4
    • Kod relacji
    • pbl
    • 9
    • KHW
    • 402445
920 -ISBN [ , ]
    • a
    • ISBN
    • 978-83-60837-78-8 Find
Lokalizacja Data inwentaryzacji Sygnatura Numer inwentarzowy Status udost.
T2021-08-05T.21278T.21278-2